Darts Premier League Tabelle 2025 - Statistiken

Allgemein
  • Dieses Quiz wurde 202 mal gespielt
  • Das Durchschnittsergebnis liegt bei 7 aus 8
Antwortstatistiken
Punkte Tagessiege Spieler % Korrekt
1 45 6 Luke Littler
100%
2 34 3 Luke Humphries
98%
4 24 3 Gerwyn Price
90%
5 20 0 Michael van Gerwen
90%
3 26 2 Nathan Aspinall
87%
8 12 1 Stephen Bunting
87%
7 14 0 Rob Cross
81%
6 17 1 Chris Dobey
79%
Keine übereinstimmenden Quizze gefunden
Verteilung der Resultate
Anzahl Personen mit jedem Resultat
Perzentil nach korrekt beantworteten Fragen
Ihre Resultats-Entwicklung
Sie haben dieses Quiz noch nicht gespielt